| 000 | 00677cam a2200205 i 4500 | ||
|---|---|---|---|
| 005 | 20251108173502.0 | ||
| 008 | 250721s2006 jo a gr 000 0 ara d | ||
| 020 | _a9957115057 | ||
| 082 | 1 | 4 |
_a005.133 _bن ا ب |
| 100 | 1 |
_aالنابلسي، دجانة قدري _eمؤلف. |
|
| 245 | 1 | 0 |
_aالبرمجة المرئية فيجوال بيسك : _cدجانة قدري النابلسي. |
| 246 | 1 | 1 | _aVISUAL BASIC |
| 264 | 1 |
_aعمان : _bدار وائل للنشر، _c2006. |
|
| 300 | _a226 صفحة. | ||
| 650 | 1 | 7 | _aالحواسيب. |
| 650 | 1 | 7 | _aلغات البرمجة. |
| 650 | 1 | 7 | _aبيسك. |
| 942 |
_2ddc _cBK |
||
| 999 |
_c105003 _d105003 |
||